Competencias pedagógicas del estudiantado de Licenciatura en Educación Básica de la Universidad Autónoma de Santo Domingo UASD. Período 2010-1. (Record no. 838)

MARC details
000 -LEADER
campo de control de longitud fija 02279nam a2200541Ia 4500
001 - NÚMERO DE CONTROL
campo de control 918
008 - DATOS DE LONGITUD FIJA--INFORMACIÓN GENERAL
campo de control de longitud fija 241029s9999 xx 000 0 und d
010 ## - NÚMERO DE CONTROL DE LA BIBLIOTECA DEL CONGRESO
Número de control de LC 838
041 ## - CÓDIGO DE IDIOMA
Código de lengua del texto/banda sonora o título independiente Español
082 ## - NÚMERO DE LA CLASIFICACIÓN DECIMAL DEWEY
Número de clasificación F.C.E M.A.B 30 A 333
245 #0 - MENCIÓN DEL TÍTULO
Título Competencias pedagógicas del estudiantado de Licenciatura en Educación Básica de la Universidad Autónoma de Santo Domingo UASD. Período 2010-1.
260 ## - PUBLICACIÓN, DISTRIBUCIÓN, ETC.
Lugar de publicación, distribución, etc. Santo Domingo
300 ## - DESCRIPCIÓN FÍSICA
Extensión 68
520 ## - RESUMEN, ETC.
Sumario, etc. 37
520 ## - RESUMEN, ETC.
Sumario, etc. El propósito principal de esta investigación se estuvo basado en determinar las competencias pedagógicas del estudiantado de Licenciatura en Educación Básica de la UASD, período 1020-1. Es una investigación descriptiva ya que se propone indagar las competencias pedagógicas del estudiantado de Licenciatura. El método utilizado en este estudio es cuantitativo. Se trabajó con una muestra de noventa (90) estudiantes a los cuales se les aplicó una encuesta. Las conclusiones mostraron, que un 75% del estudiantado encuestado maneja las competencias que demanda el perfil propuesto por la Institución para los estudiantes de Educación Básica. La investigación recomienda, que se debe orientar este perfil basado en competencias y que la Universidad debe modificar el perfil profesional que propone para los estudiantes de Educación Básica. 
630 ## - PUNTO DE ACCESO ADICIONAL DE MATERIA--TÍTULO UNIFORME
Título uniforme Competencia Docente
630 ## - PUNTO DE ACCESO ADICIONAL DE MATERIA--TÍTULO UNIFORME
Título uniforme Estudiantes
630 ## - PUNTO DE ACCESO ADICIONAL DE MATERIA--TÍTULO UNIFORME
Título uniforme Formación
650 ## - PUNTO DE ACCESO ADICIONAL DE MATERIA--TÉRMINO DE MATERIA
Término de materia o nombre geográfico como elemento de entrada Competencias Educativas
690 ## - PUNTO DE ACCESO ADICIONAL DE MATERIA LOCAL--TÉRMINO DE MATERIA (OCLC, RLIN)
Término de materia o nombre geográfico como elemento inicial Elaborado
700 ## - ENTRADA AGREGADA--NOMBRE PERSONAL
Término indicativo de función/relación asesor
Nombre de persona Contreras, Ana Dolores
700 ## - ENTRADA AGREGADA--NOMBRE PERSONAL
Término indicativo de función/relación autor
Nombre de persona Montilla Pujols, Jesús
901 ## - ELEMENTOS DE DATOS A LOCAL LDA (RLIN)
a {"1":" Montilla Pujols"}
b {"1":"Jesús"}
902 ## - ELEMENTOS DE DATOS B LOCAL, LDB (RLIN)
a 1
903 ## - ELEMENTOS DE DATOS C LOCAL, LDC (RLIN)
a {"1":"Contreras"}
b {"1":"Ana Dolores"}
904 ## - ELEMENTOS DE DATOS D LOCAL, LDD (RLIN)
a Maestría en
905 ## - ELEMENTOS DE DATOS E LOCAL, LDE (RLIN)
a Formación de Formadores
906 ## - ELEMENTOS DE DATOS F LOCAL, LDF (RLIN)
a 2
907 ## - ELEMENTOS DE DATOS G LOCAL, LDG (RLIN)
a NO APLICA
908 ## - COLOCAR PARÁMETRO DE COMANDO (RLIN)
Colocar parámetro de comando NO APLICA
909 ## -
-- Universidad Autónoma de Santo Domingo (UASD)
910 ## - DATOS DE OPCIÓN DEL USUARIO (OCLC)
Datos de opción del usuario NULL
-- NULL
911 ## - EQUIVALENCIA O REFERENCIA-CRUZADA-NOMBRE DE CONFERENCIA O REUNIÓN/CONGRESO [LOCAL, CANADÁ]
Nombre de congreso/reunión o jurisdicción como elemento de entrada ["1"]
912 ## -
-- NO APLICA
913 ## -
-- NULL
914 ## -
-- 01 de Marzo de 2011
915 ## -
-- 21/11/19 11:11
916 ## -
-- NULL
917 ## -
-- NULL
918 ## -
-- NO APLICA
919 ## -
-- ["35","96","200"]
921 ## -
-- 2
922 ## -
-- 2
923 ## -
-- 0
924 ## -
-- NO APLICA
942 ## - ELEMENTOS DE ENTRADA SECUNDARIOS (KOHA)
Tipo de ítem Koha

No items available.

© 2024. Todos los Derechos Reservados. Desarrollado por IDEICE